Catálogo
 En Linea

Las ideas pedagógicas de Hostos y otros escritos / (Registro nro. 24518)

Detalles MARC
000 -CABECERA
campo de control de longitud fija 00757nam a2200193 a 4500
001 - NÚMERO DE CONTROL
campo de control 000025025
005 - FECHA Y HORA DE LA ÚLTIMA TRANSACCIÓN
campo de control 20240305103442.0
008 - DATOS DE LONGITUD FIJA--INFORMACIÓN GENERAL
campo de control de longitud fija 110209s1994 dr c 000 0 spa d
040 ## - FUENTE DE LA CATALOGACIÓN
Centro catalogador/agencia de origen DO-SdBNP
Lengua de catalogación spa
Centro/agencia transcriptor BNPHU
082 ## - NÚMERO DE LA CLASIFICACIÓN DECIMAL DEWEY
Número de clasificación xxx
Número de documento/Ítem H519i
049 ## - FONDOS LOCALES (OCLC)
Fondos de biblioteca BNPD
100 1# - ENTRADA PRINCIPAL--NOMBRE DE PERSONA
Nombre de persona Henríquez Ureña, Camila
9 (RLIN) 23480
245 14 - MENCIÓN DE TÍTULO
Título Las ideas pedagógicas de Hostos y otros escritos /
Mención de responsabilidad, etc. Camila Henríquez Ureña ; edición Arístides Incháustegui, Blanca Delgado Malagón.
260 ## - PUBLICACIÓN, DISTRIBUCIÓN, ETC.
Lugar de publicación, distribución, etc. Santo Domingo :
Nombre del editor, distribuidor, etc. Secretaría de Estado de Educación, Bellas Artes y Cultos,
Fecha de publicación, distribución, etc. 1994.
300 ## - DESCRIPCIÓN FÍSICA
Extensión 382 p. :
Otras características físicas retr. ;
Dimensiones 24 cm.
500 ## - NOTA GENERAL
Nota general Incluye notas al pie de las páginas
700 1# - PUNTO DE ACCESO ADICIONAL--NOMBRE DE PERSONA
Nombre de persona Incháustegui Cabral, Héctor,
Fechas asociadas al nombre 1912-1979
9 (RLIN) 21024
700 1# - PUNTO DE ACCESO ADICIONAL--NOMBRE DE PERSONA
Nombre de persona Delgado Malagón, Blanca
9 (RLIN) 22928
Existencias
Estado de retiro Estado de pérdida Restricciones de uso No para préstamo Código de colección Localización permanente Ubicación/localización actual Ubicación en estantería Fecha de adquisición Número de inventario Total de préstamos Signatura topográfica completa Código de barras Fecha visto por última vez Número de copia Precio válido a partir de Tipo de ítem Koha
        Dominicana de Servicio General General Depósito 09.02.2011 LF1   xxx H519i 25025-30 25.06.2020 e. 3 25.06.2020 Libro y Folleto Colección Dominicana de Servicio
        Dominicana de Servicio General General Depósito 08.03.2011 LF1   xxx H519i 25025-40 25.06.2020 e. 4 25.06.2020 Libro y Folleto Colección Dominicana de Servicio
        Dominicana de Servicio General General Depósito 08.03.2011 LF1   xxx H519i 25025-50 25.06.2020 e. 5 25.06.2020 Libro y Folleto Colección Dominicana de Servicio
      Excluido de préstamo Patrimonio Dominicano Patrimonio Dominicano Patrimonio Dominicano Depósito 09.02.2011 LF1   xxx H519i 25025-10 25.06.2020   25.06.2020 Libro y Folleto Colección Patrimonio Dominicano
      Excluido de préstamo Patrimonio Dominicano Patrimonio Dominicano Patrimonio Dominicano Depósito 09.02.2011 LF1   xxx H519i 25025-20 25.06.2020 e. 2 25.06.2020 Libro y Folleto Colección Patrimonio Dominicano

Con tecnología Koha